Histological and Histochemical methods: (Record no. 93)

MARC details
000 -LEADER
fixed length control field 00602nam a22002177a 4500
003 - CONTROL NUMBER IDENTIFIER
control field OSt
005 - DATE AND TIME OF LATEST TRANSACTION
control field 20161021183055.0
008 - FIXED-LENGTH DATA ELEMENTS--GENERAL INFORMATION
fixed length control field 140701b xxu||||| |||| 00| 0 eng d
020 ## - INTERNATIONAL STANDARD BOOK NUMBER
International Standard Book Number 9781904842422:
040 ## - CATALOGING SOURCE
Transcribing agency DNLM
082 ## - DEWEY DECIMAL CLASSIFICATION NUMBER
Classification number QS520 K541h 2008
Item number K
100 ## - MAIN ENTRY--PERSONAL NAME
Personal name Kiernan, J.A
9 (RLIN) 270
245 ## - TITLE STATEMENT
Title Histological and Histochemical methods:
Remainder of title theory and practice
250 ## - EDITION STATEMENT
Edition statement 4th ed.
260 ## - PUBLICATION, DISTRIBUTION, ETC. (IMPRINT)
Place of publication, distribution, etc. UK:
Name of publisher, distributor, etc. Scion,
Date of publication, distribution, etc. 2008
300 ## - PHYSICAL DESCRIPTION
Extent xvi,606p:
Other physical details Ill;
Dimensions 24.5cm
504 ## - BIBLIOGRAPHY, ETC. NOTE
Bibliography, etc Bibliography, glossary, index all included.<br/>
650 ## - SUBJECT ADDED ENTRY--TOPICAL TERM
Source of heading or term Histology
9 (RLIN) 194
650 ## - SUBJECT ADDED ENTRY--TOPICAL TERM
Topical term or geographic name as entry element Histochemical
9 (RLIN) 11235
942 ## - ADDED ENTRY ELEMENTS (KOHA)
Source of classification or shelving scheme Other/Generic Classification Scheme
Koha item type Open Shelf
Holdings
Withdrawn status Lost status Source of classification or shelving scheme Damaged status Not for loan Home library Current library Date acquired Source of acquisition Inventory number Total Checkouts Full call number Barcode Date last seen Koha item type
    Other/Generic Classification Scheme     MUST Main Library MUST Main Library 01/07/2014   13/37166   QS520 K541h 2008 K 2014-0114 01/07/2014 Open Shelf
    Other/Generic Classification Scheme     MUST Main Library MUST Main Library 01/07/2014   12/36771   QS520 K541h 2008 K 2014-0136 01/07/2014 Open Shelf